000 00451cam a2200169ua 4500
999 _c15625
_d15625
003 OSt
008 190522b ||||| |||| 00| 0 eng d
020 _a9788176222037
082 _a631.4
_bBEN/EL
100 _aBennett, Hugh Hammond .
_94110
245 _aElements of soil conservation /
250 _a2 /
260 _aNew York :
_bMcGraw Hill Book Company ,
_c2014.
260 _aDelhi
_bBiotech Books
_c2011
300 _a358 ; .
942 _cBK